Recurrent neural networks : design and applications
Saved in:
| Other Authors: | , |
|---|---|
| Format: | Book |
| Language: | English |
| Published: |
Boca Raton, FL :
CRC Press,
c2000.
|
| Series: | CRC Press international series on computational intelligence
|
| Subjects: | |
| Tags: |
Add Tag
No Tags, Be the first to tag this record!
|
MARC
| LEADER | 00000cam a2200000 i 4500 | ||
|---|---|---|---|
| 001 | 1/12868 | ||
| 008 | 001101s2000 flu| ||| |||| ||eng|| | ||
| 020 | |a 0849371813 | ||
| 035 | |l 10064381 | ||
| 040 | |a GR-MyUA |b gre |e AACR2 | ||
| 041 | 0 | |a eng | |
| 082 | 0 | |a 006.32 |2 (21) | |
| 245 | 1 | 0 | |a Recurrent neural networks : |b design and applications / |c edited by L.R. Medsker, L.C. Jain. |
| 260 | |a Boca Raton, FL : |b CRC Press, |c c2000. | ||
| 300 | |a 392 σ. : |b εικ. ; |c 24 εκ. | ||
| 490 | 1 | |a (CRC Press international series on computational intelligence) | |
| 504 | |a Περιέχει βιβλιογραφικές αναφορές και ευρετήριο. | ||
| 650 | 0 | 0 | |a Neural networks (Computer science) |
| 700 | 1 | |a Medsker, L. R. |e edt | |
| 700 | 1 | |a Jain, L. C. |e edt | |
| 830 | 0 | |a CRC Press international series on computational intelligence | |
| 852 | |a INST |b SAMOS |e 20001101 |h 006.32 REC |p 005300018775 |q 005300018775 |t BK |y 0 | ||
| 852 | |a INST |b SAMOS |e 20001101 |h 006.32 REC |p 005300018776 |q 005300018776 |t BK |y 0 | ||
| 852 | |a INST |b SYROS |e 20001101 |h 006.32 REC |p 005500000445 |q 005500000445 |t BK |y 0 | ||
| 901 | |a BIBL3-2000-3 | ||
| 909 | |a Σ |b 079778 | ||
| 909 | |a Σ |b 079779 | ||
| 909 | |a Ε |b 079780 | ||
| 922 | |a 3ΕΛΗ |b 200002 |c ΤΠΕΣ/ΠΟΛ |d LEADER | ||
| 922 | |a 5ΕΛΗ |b 200002 |c ΤΠΕΣ/ΠΟΛ |d LEADER | ||
| 970 | |a ΜΑΛΑΓΑΡΗ |b ΦΩΤΕΙΝΗ |z 2000/11/1 | ||